Assessment for Inclusion in Higher Education : Promoting Equity and Social Justice in Assessment.

Bringing together international authors to examine how diversity and inclusion impact assessment in higher education, this book provides educators with the knowledge and understanding required to transform practices so that they are more equitable and inclusive of diverse learners.

Bibliographic Details
Main Author: Ajjawi, Rola.
Other Authors: Tai, Joanna., Boud, David., Jorre de St Jorre, Trina.
Format: eBook
Language:English
Published: Milton : Taylor & Francis Group, 2022.
Edition:1st ed.
Subjects:
Online Access:Click to View
LEADER 01886nam a22004093i 4500
001 EBC7244745
003 MiAaPQ
005 20231204023228.0
006 m o d |
007 cr cnu||||||||
008 231204s2022 xx o ||||0 eng d
020 |a 9781000842814  |q (electronic bk.) 
020 |z 9781032275031 
035 |a (MiAaPQ)EBC7244745 
035 |a (Au-PeEL)EBL7244745 
035 |a (OCoLC)1378935118 
040 |a MiAaPQ  |b eng  |e rda  |e pn  |c MiAaPQ  |d MiAaPQ 
082 0 |a 371.2601/3 
100 1 |a Ajjawi, Rola. 
245 1 0 |a Assessment for Inclusion in Higher Education :  |b Promoting Equity and Social Justice in Assessment. 
250 |a 1st ed. 
264 1 |a Milton :  |b Taylor & Francis Group,  |c 2022. 
264 4 |c Ã2023. 
300 |a 1 online resource (260 pages) 
336 |a text  |b txt  |2 rdacontent 
337 |a computer  |b c  |2 rdamedia 
338 |a online resource  |b cr  |2 rdacarrier 
520 |a Bringing together international authors to examine how diversity and inclusion impact assessment in higher education, this book provides educators with the knowledge and understanding required to transform practices so that they are more equitable and inclusive of diverse learners. 
588 |a Description based on publisher supplied metadata and other sources. 
590 |a Electronic reproduction. Ann Arbor, Michigan : ProQuest Ebook Central, 2023. Available via World Wide Web. Access may be limited to ProQuest Ebook Central affiliated libraries.  
655 4 |a Electronic books. 
700 1 |a Tai, Joanna. 
700 1 |a Boud, David. 
700 1 |a Jorre de St Jorre, Trina. 
776 0 8 |i Print version:  |a Ajjawi, Rola  |t Assessment for Inclusion in Higher Education  |d Milton : Taylor & Francis Group,c2022  |z 9781032275031 
797 2 |a ProQuest (Firm) 
856 4 0 |u https://ebookcentral.proquest.com/lib/matrademy/detail.action?docID=7244745  |z Click to View